000 00214nam a22000857a 4500
999 _c6944
_d6944
008 170620b xxu||||| |||| 00| 0 eng d
020 _a9788120329935
100 _93559
_aBhatnagar. S
245 _aComputer Science XI
260 _aNew delhi
_bPHI
_c2007